1610 1004 1270 1875 1006 1469 1941 1743 1764 1895 1231 1677 1267 1519 1332 1977 1391 1481 1360 1850 1084 1503 1766 1794 1743 1444 1694 1753 1622 1659 1246 1897 1617 1298 1733 1344 1467 1842 1092 1762 1323 1810 1326 1978 1834 1903 1271 1717 1176 1866 1162 1726 1056 1863 1203 1985 1831 1543 1356 1105 1157 1270 1806 1317 1001 1891 1393 1795 1183 1599 1281 1913 1377 1268 1977 1923 1380 1562 1179 1168 1061 1346 1675 1904 1797 1244 1085 1188 1612 1195 1830 1722 1310 1397 1161 1672 1625 1677 1157 BCNSPRNW ULIB Ver.6.0+V

เปลี่ยนเป็นภาษาไทย

Change to English
 แสดงรายละเอียดบรรณานุกรม
  กลับหน้าหลัก

Brief Record : Get Marc (ISO 2709) : E-mail record : QR code < ปิดหน้าต่าง
LEADER : 00000nam 2200000uu 4500
001    13399114025
003     ULIB
008    120110s||||||||th 000 0 tha d
020    9745747629
099    วพ.WF490^bก181ป
100 0  กัลยา เพียรแก้ว
245 00 ปัจจัยที่มีผลต่อความยึดมั่นผูกพันต่อองค์การตามการรับรู้ของพยาบาลวิชาชีพ ในโรงพยาบาลส่วนภูมิภาคสังกัดกระทรวงสาธารณสุข/^cกัลยา เพียรแก้ว
260    ชลบุรี :^bมหาวิทยาลัยบูรพา,^c2552
300    180 หน้า :^bตาราง
500    วิทยานิพนธ์
650  7 ความยึดมั่นผูกพันต่อองค์กร^xวิจัย
710    มหาวิทยาลัยบูรพา
945    ^p0^l0^i030990
995    ทศพร
999 ^a ทศพร
รายการนี้ยังไม่มีแท็ก
คุณยังไม่ได้ล็อกอิน คุณสามารถมีกิจกรรมร่วมกับเว็บไซต์ได้ แต่ต้องล็อกอินก่อน ::
  ล็อกอิน

รายการสื่อสารสนเทศ

ลำดับที่ ประเภท เลขเรียก/บาร์โค้ด สถานที่ สถานะ
1. วิทยานิพนธ์
วิทยานิพนธ์
วพ.WF490 ก181ป ฉ.1 
  Barcode: 030990
ห้องสมุดวิทยาเขตสวรรค์ประชารักษ์
►วิจัย
บนชั้น

BibComment


ยังไม่เคยถูกคอมเมนท์

คอมเมนท์ทรัพยากรรายการนี้
  คอมเมนท์: ปัจจัยที่มีผลต่อค..


 Copyright 2026. Bcnsprnw @Library